Регионална библиотека "Любен Каравелов" - Русе

Невидим (Запис номер 184716)

MARC детайли
000 -Лидер
Контролно поле с фиксирана дължина 01353nam a2200313 c 4500
003 - Код на организацията, давaща контролен номер
Контролно поле BLK
005 - Дата и час на последна редакция
Контролно поле 20180422115352.0
008 - Елементи от данни с фиксирана дължина
fixed length control field 180411b bul|||||r ||||||| ||bul||
010 ## - Наследен системен номер
LC control number KNG00193682000
040 ## - Източник на каталожния запис
Идентификатор на билиотеката - собственик на записа BLK
041 ## - Код за език
Код за езика на текст/звукозапис или на отделно заглавие Български
Код за езика КДБФ Български
080 ## - УДК
Текстов определител УДК Американска литература (на САЩ)
УДК код - определител по УДК 821.111(73)
УДК определител -31
УДК - код + определител 821.111(73)-31
100 1# - Редна дума - Автор
Автор Елисън, Ралф
Авторска отговорност първи автор
R(LIN) 343605
139 ## - Редно поле
Редна дума Елисън, Ралф
Авторски знак Елин Пелин - Е 53
245 10 - Сведения за заглавието
Заглавие Невидим
Подзаглавни данни Роман
Редно поле (дума) Ралф Елисън; с предг. от Бети Гринберг; прев. от англ. Правда Илиева Митева.
257 ## - Страна на издаване
Страна на създаване/издаване България
260 ## - Област на издателските данни
-- София
Име на издателя, разпространителя и проч. Нар. култура
Година на издаване 1984
Печатница Враца : В. Александров
300 ## - Физическа характеристика
Страници 544 с., 1 л.
Илюстрации и др. портр.
Размери/Мащаб 21 см
380 ## - Жанр
Жанр Худож. лит.
490 1# - СЕРИИ (Колекции)
Име на серия Библиотека Избрани романи
№: серия 6
500 ## - Общи забележки
Забележка 3 322 тир. - Ориг. загл. Invisible man / Ralph Ellison. - Авт. не е отбелязан на кор.
700 1# - Други автори (авторска отговорност)
Лично име Гринберг, Бети
Автороска отговорност (Описва отношението между автора и произведението) с предг. от
9 (RLIN) 382999
700 1# - Други автори (авторска отговорност)
Лично име Митева, Правда Илиева
Автороска отговорност (Описва отношението между автора и произведението) прев. от англ.
9 (RLIN) 377725
852 ## - Местоположение
Форматна сигнатура Цб 130303
856 4# - Електронен адрес и достъп
Електронен формат pdf - файл
Път до файла /url/
856 4# - Електронен адрес и достъп
Електронен формат pdf - файл
Път до файла /url/
942 ## - АРТИКУЛИ
Вид на библиотечния материал Книги
Скрит в OPAC Не
Koha issues (borrowed), all copies 1
944 ## - СЪЗДАВАНЕ И РЕДАКЦИЯ на ЗАПИСА
Създаване/Редакция Създаване
Дата на регистрацията/редакция 18.10.2016
Служител, извършил регистрацията/редакцията Любка_Николова
944 ## - СЪЗДАВАНЕ И РЕДАКЦИЯ на ЗАПИСА
Създаване/Редакция Редакция
Дата на регистрацията/редакция 18.10.2016
Служител, извършил регистрацията/редакцията Любка_Николова
999 ## - СИСТЕМНИ КОНТРОЛНИ НОМЕРА
Koha biblionumber 184716
Koha biblioitemnumber 184716
Наличности
Код за отписване Код за изгубен артикул Източник на класификационната схема Код за повреда Коз за рестрикции Код за отдаване Артикулен № Име на библиотеката - собственик Име на библиотеката, в която се намира в момента Статус (Текущо местоположение) Дата на вписване в системата Местоположение - отдел Цена в лева Инвентарен номер Систематично азбучна сигнатура Баркод Номер на екземпляра Цена в евро Служебна бележка Служебен тип на артикула Бележка за публиката
  Не е изгубен Universal Decimal Classification Не е повреден без рестрикции ползва се в читалня 319472 Регионална библиотека "Любен Каравелов" Русе Регионална библиотека "Любен Каравелов" Русе Хранилище 1984-01-01 Хранилище 4.21 417124 Цб 130303 900000016519 1 2.15 Вид: Сф N: стар фонд Дата: 01.01.1984 Книги  
Изтеглен Не е изгубен   Не е повреден без рестрикции заемане за дома 319473 Регионална библиотека "Любен Каравелов" Русе Регионална библиотека "Любен Каравелов" Русе   1984-01-01 Заемна - подръчен фонд 4.21 421161 П 820(73)-31/Е 53 421161 2 2.15 Вид: Сф N: стар фонд Дата: 01.01.1984 Книги Отч.N: 5 , Дата: 19.01.2018
Изтеглен Не е изгубен Universal Decimal Classification Не е повреден без рестрикции заемане за дома 319474 Регионална библиотека "Любен Каравелов" Русе Регионална библиотека "Любен Каравелов" Русе Заемна - подръчен фонд 1984-01-01 Заемна - подръчен фонд 4.21 421162 П 820(73)-31/Е 53 421162 3 2.15 Вид: Сф N: стар фонд Дата: 01.01.1984 Книги  
Изтеглен Не е изгубен Universal Decimal Classification Не е повреден без рестрикции заемане за дома 319475 Регионална библиотека "Любен Каравелов" Русе Регионална библиотека "Любен Каравелов" Русе Заемна - подръчен фонд 1984-01-01 Заемна - подръчен фонд 4.21 421165 П 820(73)-31/Е 53 421165 4 2.15 Вид: Сф N: стар фонд Дата: 01.01.1984 Книги  
Изтеглен Не е изгубен Universal Decimal Classification Не е повреден без рестрикции заемане за дома 319476 Регионална библиотека "Любен Каравелов" Русе Регионална библиотека "Любен Каравелов" Русе Заемна - подръчен фонд 1984-01-01 Заемна - подръчен фонд 4.21 421167 П 820(73)-31/Е 53 421167 5 2.15 Вид: Сф N: стар фонд Дата: 01.01.1984 Дата инв: 14.02.2018 Бележки инв: П2018 Книги  
Vip Innovations Ltd, Rousse, Bulgaria 2025